| 000 -LEADER |
| fixed length control field |
01150cam a2200325 a 4500 |
| 001 - CONTROL NUMBER |
| control field |
17334674 |
| 005 - DATE AND TIME OF LATEST TRANSACTION |
| control field |
20230717154106.0 |
| 008 - FIXED-LENGTH DATA ELEMENTS--GENERAL INFORMATION |
| fixed length control field |
120606s2013 dcu 000 0 eng |
| 010 ## - LIBRARY OF CONGRESS CONTROL NUMBER |
| LC control number |
2012022203 |
| 020 ## - INTERNATIONAL STANDARD BOOK NUMBER |
| International Standard Book Number |
9781433812071 X |
| 020 ## - INTERNATIONAL STANDARD BOOK NUMBER |
| International Standard Book Number |
143381207X |
| 040 ## - CATALOGING SOURCE |
| Original cataloging agency |
DLC |
| Transcribing agency |
DLC |
| Modifying agency |
DLC |
| 042 ## - AUTHENTICATION CODE |
| Authentication code |
pcc |
| 050 00 - LIBRARY OF CONGRESS CALL NUMBER |
| Classification number |
RC467 |
| Item number |
.A63 2013 |
| 080 ## - UNIVERSAL DECIMAL CLASSIFICATION NUMBER |
| Universal Decimal Classification number |
159.9+61A-66 |
| 245 00 - TITLE STATEMENT |
| Title |
APA dictionary of clinical psychology / |
| Statement of responsibility, etc. |
Gary R. VandenBos, editor in chief. |
| 246 3# - VARYING FORM OF TITLE |
| Title proper/short title |
A.P.A. dictionary of clinical psychology |
| 246 30 - VARYING FORM OF TITLE |
| Title proper/short title |
Dictionary of clinical psychology |
| 250 ## - EDITION STATEMENT |
| Edition statement |
1st ed. |
| 260 ## - PUBLICATION, DISTRIBUTION, ETC. |
| Place of publication, distribution, etc. |
Washington, DC : |
| Name of publisher, distributor, etc. |
American Psychological Association, |
| Date of publication, distribution, etc. |
c2013. |
| 300 ## - PHYSICAL DESCRIPTION |
| Extent |
xi, 636 p. ; |
| Dimensions |
24 cm. |
| 650 #0 - SUBJECT ADDED ENTRY--TOPICAL TERM |
| Topical term or geographic name entry element |
Clinical psychology |
| Form subdivision |
Dictionaries. |
| 9 (RLIN) |
19395 |
| 650 #0 - SUBJECT ADDED ENTRY--TOPICAL TERM |
| Topical term or geographic name entry element |
Psychotherapy |
| Form subdivision |
Dictionaries. |
| 9 (RLIN) |
19396 |
| 653 ## - INDEX TERM--UNCONTROLLED |
| keyword |
Კლინიკური ფსიქოლოგია |
| 700 1# - ADDED ENTRY--PERSONAL NAME |
| Personal name |
VandenBos, Gary R. რედაქტორი |
| 9 (RLIN) |
19397 |
| 710 2# - ADDED ENTRY--CORPORATE NAME |
| Corporate name or jurisdiction name as entry element |
American Psychological Association. |
| 9 (RLIN) |
19398 |
| 906 ## - LOCAL DATA ELEMENT F, LDF (RLIN) |
| a |
7 |
| b |
cbc |
| c |
orignew |
| d |
1 |
| e |
ecip |
| f |
20 |
| g |
y-gencatlg |
| 942 ## - ADDED ENTRY ELEMENTS (KOHA) |
| Source of classification or shelving scheme |
|
| Koha item type |
წიგნი |